|
|
|
|
| LEADER |
00000nam a22000007a 4500 |
| 005 |
2018040502342.0 |
| 007 |
cr|||| |||| |
| 008 |
180405s2017 es |||||s|||| 00||0 spa d |
| 020 |
|
|
|a 978-84-9148-478-3
|
| 035 |
|
|
|a 21318
|
| 040 |
|
|
|a vLex
|
| 090 |
|
|
|c 7665
|d 7665
|
| 100 |
1 |
|
|a Ortega, David
|
| 245 |
1 |
0 |
|a Retos de la libertad de informacin̤
|h [Recurso electrn̤ico] /
|c David Ortega
|
| 256 |
|
|
|a Servicio en ln̕ea
|
| 260 |
|
|
|a Madrid:
|b Dykinson,
|c 2017
|
| 300 |
|
|
|a 1 recurso electrn̤ico
|
| 500 |
|
|
|a En este libro se abordan los actuales retos de la libertad de informacin̤. La informacin̤ es uno de los elementos decisivos en la consecucin̤ real y efectiva de la libertad del ser humano. Somos ms̀ libres cuanto ms̀ sabemos. Por ello, el autor analiza en cuatro capt̕ulos los principales obstc̀ulos que hoy tiene en Espaą el derecho a la informacin̤: la Ley de Transparencia y los lm̕ites al derecho de acceso a la informacin̤ pb︢lica; la politizacin̤ y falta de independencia en la radio y televisin̤ pb︢licas; los problemas con la comunicacin̤ y la informacin̤ en internet y las redes sociales, la falta de aplicacin̤ de los cd̤igos deontolg̤icos periods̕ticos o la ausencia de un Consejo Audiovisual a nivel nacional.
|
| 506 |
1 |
|
|a Disponible solo en los productos indicados
|d vLex Global
|d vLex Global (Academic Edition, excluding Law Schools)
|d vLex Global (U.S. Academic Edition, Law Schools)
|d vLex Global (U.S. Academic Edition, excluding Law Schools)
|d vLex Global (Academic Edition, Law Schools)
|
| 650 |
0 |
4 |
|a Derecho de las Nuevas Tecnologa̕s
|z Espaą
|
| 740 |
0 |
|
|a vLex Libros (Servicio en ln̕ea)
|
| 856 |
4 |
0 |
|u http://vlex.com/source/retos-de-la-libertad-de-informacion-21318
|z Acceso restringido
|
| 942 |
|
|
|c BOOK
|
| 999 |
0 |
|
|a Right of New Technologies
|